000 00345nam a2200145Ia 4500
008 230917s9999||||xx |||||||||||||| ||und||
040 _e201026
_aMAIN
041 _aEnglish
082 _aB N315E:N
100 _aEdwardes, Michael
245 0 _aNehru: A political biography
260 _aDelhi
_bVikas
_c1971
300 _a351 p.
942 _cBK
999 _c167389
_d167389